000 01022nam a22003257a 4500
001 0140
003 DO-SdBPM
005 20250807120904.0
007 ta
008 151005b1998 cl 00| 0 spa d
020 _a9583005088
040 _a DO-SdBPM
_bspa
_cBPMSU
_erda
082 4 _aCo863.6
_bN717i 1998
_222
100 1 _aNiño, Jairo Aníbal
_d1941-2010.
_eautor
245 1 3 _aEl inventor de lunas /
_cJairo Aníbal Niño ; ilustraciones Silvia Gómez
264 _aColombia :
_bPanamericana,
_c1998.
300 _a64 páginas :
_bilustraciones ;
_c28 cm.
336 _atexto
_btxt
_2rdacontent
337 _asin mediación
_bnc
_2rdamedia
338 _avolumen
_bnc
_2rdacarrier
490 0 _aColciencias
521 1 _aA partir de los 12 años
590 _aInventariado, 2025/VM
650 7 _aCuentos infantiles colombianos.
650 7 _aPróceres
_vCuentos infantiles.
700 1 _aGómez, Silvia
_eilustraciones
830 0 _aColciencias
910 _aVMateo V. Control de calidad. BPMSU
942 _2ddc
_cBK
999 _c8827
_d8827